Marketingová destinácia cestovného ruchu Prešov diplomová práca

Na minha lista:
Detalhes bibliográficos
Autor principal: Melegová, Jana
Autor Corporativo: Obchodná fakulta EU. Katedra služieb a cestovného ruchu - zrušené
Outros Autores: Pachingerová, Mária
Formato: Livro
Idioma:eslovaco
Publicado em: Bratislava 2009
Tags: Adicionar Tag
Sem tags, seja o primeiro a adicionar uma tag!

MARC

LEADER 00000nam$a2200000$$$4500
001 0099430
005 20240318140206.9
041 0 |a slo 
044 |a SK 
245 1 0 |a Marketingová destinácia cestovného ruchu Prešov  |b diplomová práca  |c Jana Melegová ; škol. Mária Pachingerová 
264 1 |a Bratislava  |c 2009 
300 |a 78 s. 
100 1 |a Melegová, Jana 
700 1 |a Pachingerová, Mária 
710 2 |a Obchodná fakulta EU. Katedra služieb a cestovného ruchu - zrušené